000 00608cam a2200205 4500500
005 20260405003609.0
041 _afre
042 _adc
100 1 0 _aDurand, Jean-Marie
_eauthor
245 0 0 _aL’Empire de la douleur
260 _c2022.
500 _a93
690 _aDouleur
690 _aÉtats-Unis
690 _aIndustrie pharmaceutique
690 _aOverdose
690 _aResponsabilité
786 0 _nPhilosophie magazine | 164 | 11 | 2022-11-01 | p. 69-69 | 1951-1787
856 4 1 _uhttps://shs.cairn.info/magazine-philosophie-magazine-2022-11-page-69?lang=fr&redirect-ssocas=7080
999 _c2069122
_d2069122